| 000 | 00362nam a2200145 a 4500 | ||
|---|---|---|---|
| 001 | 3421 | ||
| 003 | CDMR | ||
| 005 | 20130116135244.0 | ||
| 008 | 130130s1976||||||||||||||||||||||||||||d | ||
| 040 |
_aCDMR _bcat _cCDMR |
||
| 100 | 1 |
_aMoragas Spà, Miquel de _9475 |
|
| 245 | 1 | 0 | _aSemiótica y comunicación de masas |
| 260 |
_aBarcelona _c1976 _bPenínsula |
||
| 942 | _cMON | ||
| 999 |
_c3421 _d3421 |
||